Die mittelalterliche Ausstattung von St
| Titel: | Die mittelalterliche Ausstattung von St : Nikolai in Stralsund - Überlegungen zur Funktion, Bedeutung und Nutzung einer hansestädtischen Pfarrkirche |
|---|---|
| Verfasser: | |
| In: |
Pfarrkirchen in den Städten des Hanseraums, (2006), Seite 101-111, 10 Abb. alle Artikel anzeigen |
| Veröffentlicht: | 2006 |
| Format: | Aufsatz |
| Sprache: | Deutsch |
X
alg: 39218583 001A $01999:11-11-16 001B $01999:16-05-21 $t20:24:33.000 001D $01999:11-11-16 001U $0utf8 001X $00 002@ $0Aox 003@ $0392185830 007A $0392185830 $aHEB 007T $0Herdc0027758m 010@ $ager 011@ $a2006 021A $aDie @mittelalterliche Ausstattung von St $dNikolai in Stralsund - Überlegungen zur Funktion, Bedeutung und Nutzung einer hansestädtischen Pfarrkirche 028A $aWeitzel $dSabine-Maria 031A $h101-111, 10 Abb. $j2006 037A $aeng. Res. 111; dt. Res. 111 039B $aIn $8--Aau--. Pfarrkirchen in den Städten des Hanseraums. - Rahden/Westf. : Leidorf, 2006. - 339 S.. - Ill., graph. Darst., Kt.. - ISBN 978-3-89646-461-3 $x200600000000000899 $9183481925 045F $a307.0943816 $eDDC23BSB 045F/01 $a307.09 045F/03 $g43816 lok: 39218583 78 exp: 39218583 78 1 #EPN 201B/01 $020-12-17 $t22:57:12.000 201U/01 $0utf8 203@/01 $0788282026 208@/01 $a11-11-16 $be 209A/01 $a/ $f000 $x00 220C/01 $aTitelaufnehmer: nk;kh 220C/01 $aHerkunft: HI Marburg 244Z/01 $2Trx $#Pomeranija $#Pommern $#Pomoransko $#Pomořansko $#Hinterpommern;Vorpommern;Mittelpommern $#Pomorze Środkowe;Pomorze Przednie $#Pomořansko;Západní Pomořany; Pomořany $8--Trx--Pomorze Zachodnie $x01 $9391303775 244Z/01 $#Stralsund $#Hansestadt Stralsund $#Stadt Stralsund $#Straalsund $#Strahlsund $#Stralesundium $#Sundia $74057860-4 $8--Tg1--Stralsund $x02 $9085160881 244Z/01 $aGeschichte 1270-2006 $x03 244Z/01 $2Trx $#kirikud hooned $#bažnyčių pastatai $#churches buildings $#templomok épületek $#kościoły budynki $#kostoly budovy $#kostely budovy $8--Trx--Kirchen$gGebäude $x04 $9391363778 244Z/01 $2Trx $#liturgia $#liturgija ? $#liturgy $#liturgia $#liturgia $#liturgia $#liturgie $#Kalender, liturgische $8--Trx--Liturgie $x05 $9391354620 244Z/01 $2Trx $#kunst, sakraalne $#sakralinis menas $#Art, sacred $#müvészet, szakrális $#sztuka sakralna $#umenie sakrálne $#umění sakrální $8--Trx--Kunst, sakrale $x06 $9391354639 244Z/01 $2Trx $8--Trx--Einzelbeiträge $x07 $9391384570 245Z/01 $a13.02 $x01 245Z/01 $a11.10 $x02 247C/01 $82080>Marburg/Lahn, Herder-Institut, Forschungsbibliothek, Bibliographieportal $9336309341
| LEADER | 00000caa a22000002c 4500 | ||
|---|---|---|---|
| 001 | 392185830 | ||
| 003 | DE-603 | ||
| 005 | 20210516202433.0 | ||
| 007 | tu | ||
| 008 | 161111s2006 xx |||| | u00||u|ger c | ||
| 035 | |a (DE-599)HEB392185830 | ||
| 040 | |a DE-603 |b ger |c DE-603 |d DE-603 | ||
| 041 | |a ger | ||
| 082 | 0 | 4 | |8 1\u |a 307.0943816 |q DE-101 |2 23/BSB |
| 085 | |8 1\u |b 307.09 | ||
| 085 | |8 1\u |z 2 |s 43816 | ||
| 100 | 1 | |a Weitzel, Sabine-Maria | |
| 245 | 0 | 0 | |a Die mittelalterliche Ausstattung von St |b Nikolai in Stralsund - Überlegungen zur Funktion, Bedeutung und Nutzung einer hansestädtischen Pfarrkirche |
| 264 | 0 | |c 2006 | |
| 500 | |a eng. Res. 111; dt. Res. 111 | ||
| 773 | 0 | 8 | |i In |t Pfarrkirchen in den Städten des Hanseraums |d Rahden/Westf. : Leidorf, 2006 |h 339 S., Ill., graph. Darst., Kt. |z 9783896464613 |z 3896464612 |g (2006), Seite 101-111, 10 Abb. |w (DE-603)183481925 |
| 924 | 0 | |9 2080 |a (DE-603)788282026 |b DE-2080 |c HES |d d |g / | |


